000 01201nem0a2200301 4500
001 RU\NLR\cart\6052
005 20250617204512.0
010 _a978-5-8213-0443-8
035 _a(NLR Aleph) 004276157
090 _a2313701
_c2313701
100 _a20100421d2009 |||y0rusy50 ca
101 0 _arus
102 _aRU
120 _abya xx||
123 3 _aa
_b83 500 000
_b4 000 000
200 1 _aАтлас школьника. История России с древнейших времен до начала XXI века
_bКарты
_e6-11-й кл.
_fПодгот. к изд. ООО "Издательство ДИК"
_gОтв. ред. Н.А. Курбский
206 _aМ-бы разные
210 _aМосква
_cДИК
_cДрофа
_d2009
215 _a1атл.(224 с.)
_cцв., текст, ил.
_d29х22 см.
509 0 1 _7ca
_aРоссия
_92633381
_3RU\NLR\auth_crt\55199
606 0 _aИстории СССР и России атласы
_xОбщие
_92178247
_3RU\NLR\auth_crt\66236
620 _aРоссия
702 1 _aКурбский
_bН. А.
_4340
801 0 _aRU
_bNLR
_c20100421
_gPSBO
852 _aNLR
_bК
_j4-Союз 6/4493
_m85783
942 _cMAP
980 _aNB